00789nam a2200193 a 450000500170000000800410001702000180005805000190007610000230009524500580011826000370017630000230021344000320023652001560026865000210042465000200044599900190046595201110048420140412111316.0001214s19uu xx 00 eng d a0-679-80500-1 aERbBi592 1990 aSchumacher, Claire aA Big chair for little bear. /cby Claire Schumacher. aNew York :bRandom House,c1990. a1 v. (unp.) ; ill. aA Random House Pictureback) aLittle Bear, tired of always having the little chair, the little bowl, and the little bed, insists on trying out the big items his father usually uses. aBears -- Fiction aSize -- Fiction c104234d104234 00104050aELbELcERd2000-12-14eDonationl0oER Bi592 1990pE7078r2014-04-12 00:00:00w2014-04-12yBK